| 000 | 00638nam a22002177a 4500 | ||
|---|---|---|---|
| 999 |
_c6865 _d6865 |
||
| 001 | 3199 | ||
| 003 | BD-DhUAP | ||
| 005 | 20210109144716.0 | ||
| 008 | 210109s1986 njua|||| |||| 001 0 eng d | ||
| 020 | _a0135007526 | ||
| 040 |
_aBD-DhUAP _bEng _cBD-DhUAP _dBD-DhUAP |
||
| 082 |
_223 _a712 LAU |
||
| 100 | _aLaurie, Michael. | ||
| 245 |
_aAn introduction to landscape architecture / _cMichael Laurie. |
||
| 250 | _a2nd ed. | ||
| 260 |
_aEnglewood Cliffs, N.J. : _bPrentice Hall, _cc1998. |
||
| 300 |
_axii, 247 pages : _billustrations ; _c27 cm. |
||
| 500 | _aIncludes index. | ||
| 650 | _aLandscape architecture. | ||
| 942 |
_2ddc _cBK |
||